Score 0/22 Timer 03:00
0 Plays Today
Song Title Missing Word % Correct
With a Little Help from My _____Friends
97.3%
Lucy in the Sky with _____Diamonds
96.7%
_____ SkelterHelter
96.1%
Here, There and _____Everywhere
96%
_____ Me DoLove
95.8%
_____ TogetherCome
95.4%
Happiness _____ a Warm GunIs
94.5%
_____ Fields ForeverStrawberry
94%
The Long and _____ RoadWinding
92.2%
_____ LanePenny
91.6%
I'm Happy _____ to Dance with YouJust
91.3%
Song Title Missing Word % Correct
_____ to RideTicket
90.7%
Get _____Back
90.4%
You've Got to Hide Your Love _____Away
87.9%
While My _____ Gently WeepsGuitar
85.2%
Back in the _____U.S.S.R.
83.9%
Think for _____Yourself
76.1%
_____ GardenOctopus's
70.7%
_____ Wood (This Bird Has Flown)Norwegian
69.9%
I Me _____Mine
65.4%
Sun _____King
62.6%
_____ 9Revolution
46.4%

Today's Daily Dose

You're not logged in!

Compare scores with friends on all Sporcle quizzes.
OR
Log In

Sporcle TV

Today on Sporcle TV


Watch our educational content, quiz creation guides, and fun videos on Sporcle TV.

Show Comments

Extras

Top Quizzes Today


Score Distribution

Paid Content

Your Account Isn't Verified!

In order to create a playlist on Sporcle, you need to verify the email address you used during registration. Go to your Sporcle Settings to finish the process.

Report this User

Report this user for behavior that violates our Community Guidelines.

Details: